| 000 | 00689nam a2200217Ia 4500 | ||
|---|---|---|---|
| 003 | OSt | ||
| 005 | 20230413105729.0 | ||
| 008 | 210423s2010 xx 000 0 und d | ||
| 020 | _a9781412987776 | ||
| 040 | _cAL | ||
| 041 | _aeng | ||
| 082 | _a302.23072 BERA | ||
| 100 |
_aBERGER (Arthur Asa). _987739 |
||
| 245 | _aMedia and communication research methods: an introduction to qualitative and quantitative approaches. | ||
| 250 | _a2 | ||
| 260 |
_aLos Angeles _bSage Publications _c2010 |
||
| 300 |
_axvi,339 _bPB |
||
| 365 |
_b2930 _cINR |
||
| 906 | _aan ; approaches. ; communication ; introduction ; Media ; methods: ; qualitative ; quantitative ; research | ||
| 942 |
_2ddc _cBK |
||
| 999 |
_c159695 _d159695 |
||